| 000 | 01024nam a22002537a 4500 | ||
|---|---|---|---|
| 003 | OSt | ||
| 005 | 20230208032307.0 | ||
| 008 | 170626b xxu||||| |||| 00| 0 eng d | ||
| 020 | _a0716754673 | ||
| 040 |
_aMMU _cMMU _dMMU _beng |
||
| 050 | 0 | 0 |
_aBF139 _b.B53 2003 |
| 082 | 0 | 0 |
_a150 _222 |
| 100 | 1 | _aBlair-Broeker, Charles T. | |
| 245 | 1 | 0 |
_aThinking about psychology : _bthe science of mind and behavior / _cCharles T. Blair-Broeker, Randal M. Ernst ; special consultant, David G. Myers. |
| 260 |
_aNew York : _bWorth Publishers, _cc2003. |
||
| 300 |
_axxiv, 671, [112] p. : _bill. (chiefly col.) ; _c27 cm. |
||
| 500 | _aIncludes bibliographical references (p. R-1-R-24) and indexes. | ||
| 650 | 0 |
_aPsychology _vTextbooks. |
|
| 700 | 1 | _aErnst, Randal M. | |
| 700 | 1 |
_aMyers, David G. _9501 |
|
| 856 | 4 | 2 |
_3Publisher description _uhttp://www.loc.gov/catdir/enhancements/fy1003/2004271350-d.html |
| 856 | 4 | 1 |
_3Table of contents only _uhttp://www.loc.gov/catdir/enhancements/fy1003/2004271350-t.html |
| 942 |
_2lcc _cLOAN LOAN |
||
| 999 |
_c29735 _d29734 |
||